00833nam a2200205 a 450000100060000000300090000600800410001502000180005604000280007408200130010210000410011524500220015626000130017830000080019150502200019965000300041994200120044999900170046195201490047822686CO-ViMGA141112s2004 ck r 000 u spa d a9788420635446 aCO-ViMGAbspacCO-ViMGA04a292G718m1 aGraves, Robert;Patai, Raphael93234410aLos mitos hebreos aEspaña a393 aLa creacion segun el genesis, Descripcion de los mounstros primitivos, Los nacimientos de cain y abel, Nacimiento de abraham en guerar, Labendicion robada, jose en el pozo, el regreso de los hermanos, Muerte de jose14aMETODOLOGIA HEBREA932345 2ddccBK c30985d30985 00102ddc40708003aMEVIECARbMEVIECARd2015-12-04hVolumen. 8 | 11/jun/2009l0o292 G718m p22686r2015-12-04 00:00:00tEj. 1w2015-12-04yBK